Around the World (La La La La La) - A Touch of Class (Lyrics) - Statistics

General Stats
  • This quiz has been taken 10 times
  • The average score is 368 of 467
Answer Stats
Lyrics % Correct
la
100%
la,
100%
La
100%
The
100%
the
100%
around
86%
(Around,
86%
around,
86%
(around,
86%
I
86%
it
86%
world
86%
world)
86%
world),
86%
goes
71%
Just
71%
just
71%
an
57%
eyes
57%
in
57%
it's
57%
let
57%
my
57%
of
57%
So
57%
sun
57%
sun,
57%
sun)
57%
didn't
43%
do,
43%
don't
43%
exotic
43%
hear
43%
Inside
43%
inside
43%
is
43%
kisses
43%
(kisses
43%
know
43%
like
43%
oh,
43%
say,
43%
songs
43%
sweet,
43%
to
43%
what
43%
with
43%
all
29%
and
29%
And
29%
another
29%
are
29%
blink
29%
empty
29%
have
29%
head
29%
heard
29%
key
29%
me
29%
me,
29%
never
29%
not
29%
playing
29%
radio
29%
room,
29%
sing
29%
that
29%
tune,
29%
want
29%
were
29%
word
29%
you
29%
bells
14%
can't
14%
deep
14%
dream
14%
explain
14%
free
14%
gone,
14%
magic
14%
melody,
14%
music
14%
now
14%
Now
14%
on
14%
ringing
14%
set
14%
still
14%
wait
14%
everybody's
0%
flows
0%
inspiration
0%
long
0%
night
0%
singing
0%
No matching quizzes found
Score Distribution
Percent of People with Each Score
Percentile by Number Answered
Your Score History
You have not taken this quiz